000 00775nam a2200229Ia 4500
005 20260430150740.0
008 008 250103s9999 xx 000 0 hin d
037 _aTheses
040 _aCRL
040 _bhin
040 _chin
041 _2hin
041 _ahin
084 _qCRL
100 _aनायक, ममता, ले.
_9865615
245 0 _aभारतेन्दु और हरिऔध के साहित्य में स्त्री चिंतन का तुलनात्मक अध्ययन
260 _c2020
300 _a196पृ0
700 _aदिल्ली विश्वविद्यालय. कला संकाय. हिन्दी विभाग
942 _cTH
999 _c1850587
_d1850587